<?xml version="1.0" encoding="UTF-8"?>
<record
    xmlns:xsi="http://www.w3.org/2001/XMLSchema-instance"
    xsi:schemaLocation="http://www.loc.gov/MARC21/slim http://www.loc.gov/standards/marcxml/schema/MARC21slim.xsd"
    xmlns="http://www.loc.gov/MARC21/slim">

  <leader>00768nam a22001577a 4500</leader>
  <controlfield tag="003">OSt</controlfield>
  <controlfield tag="005">20151216143036.0</controlfield>
  <controlfield tag="008">151216b        xxu||||| |||| 00| 0 eng d</controlfield>
  <datafield tag="040" ind1=" " ind2=" ">
    <subfield code="c">RUA </subfield>
  </datafield>
  <datafield tag="082" ind1=" " ind2=" ">
    <subfield code="a">AED EAR 2004 B217 Or.1</subfield>
  </datafield>
  <datafield tag="100" ind1=" " ind2=" ">
    <subfield code="9">4925</subfield>
    <subfield code="a">EAR TECHKUNG; &#x17A2;&#x17CA;&#x17B6; &#x178F;&#x17B7;&#x1785;&#x1782;&#x1784;&#x17CB;</subfield>
  </datafield>
  <datafield tag="245" ind1=" " ind2=" ">
    <subfield code="a">Study on water user community's constraints and opportunities in puok district, siam riep province, &#x179F;&#x17B7;&#x1780;&#x17D2;&#x179F;&#x17B6;&#x17A2;&#x17C6;&#x1796;&#x17B8;&#x1780;&#x178F;&#x17D2;&#x178F;&#x17B6;&#x179A;&#x17B6;&#x179A;&#x17C6;&#x17B6;&#x1784; &#x1793;&#x17B7;&#x1784;&#x1780;&#x17B6;&#x179B;&#x17B6;&#x1793;&#x17BB;&#x179C;&#x178F;&#x17D2;&#x178F;&#x1797;&#x17B6;&#x1796;&#x179A;&#x1794;&#x179F;&#x17CB;&#x179F;&#x17A0;&#x1782;&#x1798;&#x1793;&#x17CD;&#x1780;&#x179F;&#x17B7;&#x1780;&#x179A; &#x1794;&#x17D2;&#x179A;&#x17BE;&#x1794;&#x17D2;&#x179A;&#x17B6;&#x179F;&#x17CB;&#x1791;&#x17B9;&#x1780;&#x1780;&#x17D2;&#x1793;&#x17BB;&#x1784;&#x179F;&#x17D2;&#x179A;&#x17BB;&#x1780;&#x1796;&#x17BD;&#x1780; &#x1781;&#x17C1;&#x178F;&#x17D2;&#x178F;&#x179F;&#x17C0;&#x1798;&#x179A;&#x17B6;&#x1794;.</subfield>
  </datafield>
  <datafield tag="260" ind1=" " ind2=" ">
    <subfield code="a">Phnom Penh </subfield>
    <subfield code="b">RUA </subfield>
    <subfield code="c">2004 </subfield>
  </datafield>
  <datafield tag="300" ind1=" " ind2=" ">
    <subfield code="a">ix; 49p.</subfield>
    <subfield code="b">ill.</subfield>
    <subfield code="c">29cm.</subfield>
  </datafield>
  <datafield tag="942" ind1=" " ind2=" ">
    <subfield code="2">ddc</subfield>
    <subfield code="c">AED</subfield>
  </datafield>
  <datafield tag="999" ind1=" " ind2=" ">
    <subfield code="c">4574</subfield>
    <subfield code="d">4574</subfield>
  </datafield>
  <datafield tag="952" ind1=" " ind2=" ">
    <subfield code="0">0</subfield>
    <subfield code="1">0</subfield>
    <subfield code="2">ddc</subfield>
    <subfield code="4">0</subfield>
    <subfield code="6">AED_EAR_2004_000000000000000_B217_OR_1</subfield>
    <subfield code="7">0</subfield>
    <subfield code="9">23693</subfield>
    <subfield code="a">LBB</subfield>
    <subfield code="b">LBB</subfield>
    <subfield code="c">B217</subfield>
    <subfield code="d">2015-12-16</subfield>
    <subfield code="l">1</subfield>
    <subfield code="o">AED EAR 2004 B217 Or.1</subfield>
    <subfield code="p">RUA030862</subfield>
    <subfield code="r">2025-12-08</subfield>
    <subfield code="s">2025-12-04</subfield>
    <subfield code="w">2015-12-16</subfield>
    <subfield code="y">AED</subfield>
  </datafield>
  <datafield tag="952" ind1=" " ind2=" ">
    <subfield code="0">0</subfield>
    <subfield code="1">0</subfield>
    <subfield code="2">ddc</subfield>
    <subfield code="4">0</subfield>
    <subfield code="6">AED_EAR_2004_000000000000000_B217_OR_2</subfield>
    <subfield code="7">0</subfield>
    <subfield code="9">23694</subfield>
    <subfield code="a">LBB</subfield>
    <subfield code="b">LBB</subfield>
    <subfield code="c">B217</subfield>
    <subfield code="d">2015-12-16</subfield>
    <subfield code="l">1</subfield>
    <subfield code="o">AED EAR 2004 B217 Or.2</subfield>
    <subfield code="p">RUA030922</subfield>
    <subfield code="r">2025-10-31</subfield>
    <subfield code="s">2025-10-13</subfield>
    <subfield code="w">2015-12-16</subfield>
    <subfield code="y">AED</subfield>
  </datafield>
</record>
